Curso de derecho minero (Registro nro. 1333)

Detalles MARC
000 -LEADER
fixed length control field 01404 a2200205 4500
001 - CONTROL NUMBER
control field 25226
005 - DATE AND TIME OF LATEST TRANSACTION
control field 20260407155536.0
008 - FIXED-LENGTH DATA ELEMENTS--GENERAL INFORMATION
fixed length control field 260407a1975 arg spa d
003 - CONTROL NUMBER IDENTIFIER
control field AR-UNSa-BCEJYS
040 ## - CATALOGING SOURCE
Original cataloging agency AR-UNSa-BCEJYS
Language of cataloging spa
Transcribing agency AR-UNSa-BCEJYS
080 ## - UNIVERSAL DECIMAL CLASSIFICATION NUMBER
Universal Decimal Classification number 347.249
Common auxiliary subdivision Derecho relativo a las minas. Propiedad minera. Derechos mineros
100 1# - MAIN ENTRY--PERSONAL NAME
Personal name Catalano, Edmundo Fernando
245 10 - TITLE STATEMENT
Title Curso de derecho minero
250 ## - EDITION STATEMENT
Edition statement 4a. ed
264 #1 - PRODUCTION, PUBLICATION, DISTRIBUTION, MANUFACTURE, AND COPYRIGHT NOTICE
Place of production, publication, distribution, manufacture Buenos Aires :
Name of producer, publisher, distributor, manufacturer Víctor P. de Zavalía
Date of production, publication, distribution, manufacture, or copyright notice 1975
300 ## - PHYSICAL DESCRIPTION
Extent 527 p.
Dimensions 23 cm.
505 ## - FORMATTED CONTENTS NOTE
Formatted contents note 1. Introducción - 2. Naturaleza jurídica de la propiedad minera - 3. De los derechos explorativos - 4. Adquisición de las minas(I) - 5. Adquisición de las minas(II) - 6. Adquisición de las minas(III) - 7. De las pertenencias - 8. Efectos jurídicos de la conseión - 9. Explotación.Derecho de ocupación del suelo - 10. Del amparo de las minas - 11. Responsabilidad - 12. Disposiciones especiales y aplicables a la sustacia de segunda y tercera categorias - 13. Autoridad minera.Condiciones de la explotación - 14. Contratos mineros y modificaciones al derecho común en materia de minas - 15. Legislación del petroleo(I) - 16. Legilación del petroleo(II) - 17. Legislación del petroleo(III) - 18. Régimen legal de los elementos y minerales nucleares - 19. Las empresas mineras del estado.
590 ## - LOCAL NOTE (RLIN)
Local note niveau_biblio:m niveau_hierar:0
942 ## - ADDED ENTRY ELEMENTS (KOHA)
Koha item type
Existencias
Withdrawn status Lost status Damaged status Not for loan Home library Current library Shelving location Date acquired Total checkouts Full call number Barcode Date last seen Price effective from Koha item type
        Biblioteca Prof. Eusebio Cleto del Rey Biblioteca Prof. Eusebio Cleto del Rey   07/04/2026   347.249 C357 4ed. L53450 07/04/2026 07/04/2026 Libro